000 01008 a2200253 4500
999 _c10474
_d10474
020 _a9781853396755
050 _aHD2961 FUE 2009
100 _aGraham, Michael,
_d1949-
_eeditor
245 _aFuelling economic growth :
_bthe role of public-private sector research in development /
_cedited by Michael Graham; Jean Woo;
264 _aOttawa :
_b International Development Research Centre,
_c2009
300 _axiv., 272 pages.,1 online resource
500 _aPublisher's Web site: http://www.idrc.ca. Includes index
500 _aIncludes bibliographical references and index
650 _a Research
_xFinance
650 _aPublic-private sector cooperation
650 _aDeveloping countries
650 _aEconomic development
650 _aResearch and development projects
650 _aResearch, Industrial
_xFinance
650 _aResearch, Industrial
_xGovernment policy
650 _aResearch, Industrial
_xManagement
700 _aWoo, Jean
_eeditor
942 _2lcc
_cBK
_h2961
_iFUE
_kHD